00493nam a2200181 a 4500008004100000020002200041100002100063245004300084250001100127260003400138300002600172504004100198500002200239650002300261003000100284005001700285040000900302  a0471952354 (pbk.)10aOborne, David J.10aErgonomics at work /cDavid J. Oborne. a3rd.ed0 aChichester ;bWiley,cc1982. aix, 321 p. ;c24 cm. aIncludes bibliographical references. aIncludes indexes. 0aHuman engineering.20230123133644.0 cNUST